000 00258nam a2200109Ia 4500
008 231212s1997 xx 000 0 und d
041 _aeng
082 _a621.382
100 _aAndrew S. T.
245 _aComputer Networks
260 _aNew Delhi
_bMc Graw
_c1997
999 _c964778
_d964778